Statistics for Countries That Do Not Allow Dual Citizenship

Click here to take the quiz!

General Stats

  • This quiz has been taken 56 times
  • The average score is 21 of 42

Answer Stats

ContinentAnswer% Correct
AsiaChina
90%
AsiaNorth Korea
82%
AsiaJapan
74%
AsiaIran
69%
AsiaIndia
67%
EuropeUkraine
67%
AsiaThailand
64%
OceaniaFiji
62%
AsiaIndonesia
62%
AsiaSaudi Arabia
62%
AsiaUnited Arab Emirates
62%
EuropeEstonia
59%
AsiaKazakhstan
59%
AsiaMalaysia
59%
South AmericaVenezuela
59%
EuropeLithuania
56%
AsiaMyanmar
56%
OceaniaPapua New Guinea
54%
AsiaSingapore
54%
AsiaAzerbaijan
51%
AsiaKuwait
51%
EuropePoland
51%
AsiaBahrain
49%
South AmericaEcuador
46%
OceaniaKiribati
46%
AsiaNepal
46%
AsiaBrunei
44%
AsiaGeorgia
44%
OceaniaSolomon Islands
44%
EuropeAustria
41%
EuropeNorway
41%
EuropeSlovakia
41%
EuropeAndorra
38%
EuropeNetherlands
38%
AfricaKenya
31%
North AmericaEl Salvador
26%
EuropeMontenegro
26%
AfricaZimbabwe
23%
AfricaDjibouti
18%
AfricaTanzania
18%
AfricaBotswana
15%
AfricaMauritius
13%

Score Distribution

Percentile by Number Answered

Percent of People with Each Score

Your Score History

You have not taken this quiz